Rock Climbing Terminology - Statistics

General Stats
  • This quiz has been taken 413 times
  • The average score is 8 of 18
Answers on the Grid
Answers color-coded by a green-red scale on the quiz's grid according to % correct below.
Dyno
Nut
Sparrow
Pitch
Jabroni
Quickdraw
Sling
Caldwell
Crimp
Deadpoint
Dihedral
Shpoof
Dorito
Ondra
Gaston
Rodden
Fester
Sloper
Starburst
Flake
Flash
Redpoint
Belay
Glave
Whipper
Jarvis
Javelin
Cam
Mantle
Onsight
 
Answer Stats
Answer % Correct
Dyno
92%
Pitch
78%
Crimp
64%
Deadpoint
56%
Nut
55%
Quickdraw
52%
Mantle
46%
Sling
46%
Belay
42%
Flash
41%
Cam
40%
Sloper
39%
Whipper
36%
Gaston
33%
Onsight
31%
Redpoint
30%
Flake
20%
Dihedral
17%
No matching quizzes found
Score Distribution
Percent of People with Each Score
Percentile by Number Answered
Your Score History
You have not taken this quiz